000 00543nam a22001937a 4500
003 MPLRDC
005 20220104193446.0
008 210129b ||||| |||| 00| 0 eng d
020 _a978-957-13-5310-4
082 _a861.57 CSCS-44
100 _a村上春树
245 _a村上朝日堂是如何锻炼的
_c赖明珠 译;
250 _a初版
260 _a台湾
_b时报文化出版企业股份有限公司
_c2010
300 _b
490 _a蓝小说. 955
650 _a日本文学--长篇小说
942 _cBK
_o861.57 CSCS-44
999 _c65206
_d65196